000 00434nam a2200193Ia 4500
003 0100
008 130303s9999 xx 000 0 und d
020 _a1779060041
040 _cARRUPELIB
050 _aKT379.5.M37 1995
100 _aMasango, Clemence
245 _aCriminal law manual
260 _aKadoma
260 _bJuta Zimbabwe (Pvt.) Ltd
260 _C1995
300 _axiii
300 _b 263p. 20cm
942 0 0 _01
999 _c7797
_d7797